Nuevo método de programación arquitectónica para locales de educación media en Ecuador (Record no. 73561)
[ view plain ]
| 000 -CABECERA | |
|---|---|
| campo de control de longitud fija | 00668nam a2200241 a 4500 |
| 005 - FECHA Y HORA DE LA ÚLTIMA TRANSACCIÓN | |
| campo de control | 20210219153313.0 |
| 008 - ELEMENTOS DE LONGITUD FIJA--INFORMACIÓN GENERAL | |
| campo de control de longitud fija | 991125n 000 0 spa u |
| 035 ## - NÚMERO DE CONTROL DEL SISTEMA | |
| Número de control de sistema | UPN01000090222 |
| 100 ## - ASIENTO PRINCIPAL--NOMBRE PERSONAL | |
| Nombre de persona | JARA, Rosendo |
| 222 ## - TÍTULO CLAVE | |
| Título clave | CONESCAL |
| 245 ## - MENCIÓN DE TÍTULO | |
| Título | Nuevo método de programación arquitectónica para locales de educación media en Ecuador |
| 260 ## - PUBLICACIÓN, DISTRIBUCIÓN, ETC. | |
| Lugar de publicación, distribución, etc. | MEXICO |
| 300 ## - DESCRIPCIÓN FÍSICA | |
| Extensión | 56-68 |
| 362 ## - FECHAS DE PUBLICACIÓN Y/O DESIGNACIÓN SECUENCIAL | |
| Fecha de publicación y/o designación secuencial | 1975 35 mar. |
| 653 0# - TERMINO DE INDIZACION - NO CONTROLADO | |
| Término no controlado | CONSTRUCCIONES ESCOLARES |
| 653 0# - TERMINO DE INDIZACION - NO CONTROLADO | |
| Término no controlado | ECUADOR |
| 653 0# - TERMINO DE INDIZACION - NO CONTROLADO | |
| Término no controlado | EDUCACION SECUNDARIA |
| 653 0# - TERMINO DE INDIZACION - NO CONTROLADO | |
| Término no controlado | PROGRAMACION ARQUITECTONICA |
| 700 ## - ASIENTO SECUNDARIO--NOMBRE DE PERSONAL | |
| Nombre de persona | UTRERAS, Oswaldo |
| 700 ## - ASIENTO SECUNDARIO--NOMBRE DE PERSONAL | |
| Nombre de persona | CARBO, Francisco |
| 904 ## - ELEMENTOS DE DATOS D LOCAL, LDD (RLIN) | |
| a | AC |
| b | 028033 |
| 905 ## - TIPO DE MATERIAL | |
| Tipo de material | Articulo |
No items available.
